Microelectronic circuits: theory and applications (Record no. 576824)
[ view plain ]
| 000 -LEADER | |
|---|---|
| fixed length control field | 00439nam a22001577a 4500 |
| 020 ## - INTERNATIONAL STANDARD BOOK NUMBER | |
| International Standard Book Number | 9780199476299 |
| 082 ## - DEWEY DECIMAL CLASSIFICATION NUMBER | |
| Classification number | 621.3815 SED |
| 100 ## - MAIN ENTRY--PERSONAL NAME | |
| Personal name | Sedra, Adel S. |
| 9 (RLIN) | 69614 |
| 245 ## - TITLE STATEMENT | |
| Title | Microelectronic circuits: theory and applications |
| 250 ## - EDITION STATEMENT | |
| Edition statement | 7th |
| 260 ## - PUBLICATION, DISTRIBUTION, ETC. | |
| Place of publication, distribution, etc. | India |
| Name of publisher, distributor, etc. | Oxford |
| Date of publication, distribution, etc. | 2018 |
| 300 ## - PHYSICAL DESCRIPTION | |
| Extent | xxiii,1297 P |
| 650 ## - SUBJECT ADDED ENTRY--TOPICAL TERM | |
| Topical term or geographic name entry element | Microelectronic Circuits: Theory and applications |
| 9 (RLIN) | 69615 |
| 700 ## - ADDED ENTRY--PERSONAL NAME | |
| Personal name | Smith, Kenneth C |
| 9 (RLIN) | 21575 |
| 942 ## - ADDED ENTRY ELEMENTS (KOHA) | |
| Koha item type | Book |
| Withdrawn status | Lost status | Damaged status | Not for loan | Collection code | Permanent Location | Current Location | Shelving location | Date acquired | Total Checkouts | Full call number | Barcode | Date last seen | Price effective from | Koha item type | Checked out | Date last checked out |
|---|---|---|---|---|---|---|---|---|---|---|---|---|---|---|---|---|
| College of Electrical & Mechanical Engineering (CEME) | College of Electrical & Mechanical Engineering (CEME) | General Stacks | 10/16/2019 | 621.3815 SED | CEME-49950 | 06/28/2021 | 06/28/2021 | Book | ||||||||
| College of Electrical & Mechanical Engineering (CEME) | College of Electrical & Mechanical Engineering (CEME) | General Stacks | 10/16/2019 | 621.3815 SED | CEME-49951 | 06/28/2021 | 06/28/2021 | Book | ||||||||
| College of Electrical & Mechanical Engineering (CEME) | College of Electrical & Mechanical Engineering (CEME) | General Stacks | 10/16/2019 | 621.3815 SED | CEME-49952 | 06/28/2021 | 06/28/2021 | Book | ||||||||
| College of Electrical & Mechanical Engineering (CEME) | College of Electrical & Mechanical Engineering (CEME) | General Stacks | 10/16/2019 | 621.3815 SED | CEME-49953 | 06/28/2021 | 06/28/2021 | Book | ||||||||
| College of Electrical & Mechanical Engineering (CEME) | College of Electrical & Mechanical Engineering (CEME) | General Stacks | 10/16/2019 | 2 | 621.3815 SED | CEME-49954 | 01/19/2026 | 06/28/2021 | Book | 02/18/2026 | 01/19/2026 |
